| 000 | 01016cam a2200289 4500 | ||
|---|---|---|---|
| 001 | ABS62753 | ||
| 008 | 000000n2000 000 0 eng u | ||
| 035 | _a(Sirsi) u107839 | ||
| 100 | _aWernham, A. | ||
| 245 | _aTerms of e-ndearment | ||
| 260 | _c2000 | ||
| 490 |
_aEstates Gazette _v(0030) 29 July 2000, 110-111(2) |
||
| 520 | _aConsiders how changing demands from consumers and retailers in light of developments in e-commerce will affect the traditional lease. Looks at user clauses, rent reviews, service charges and how in future e-tailing might be provided for in lease terms. Considers the effect of e-tailing on turnover rent clauses. | ||
| 590 | _aABS | ||
| 650 | _aE-COMMERCE | ||
| 650 | _aE-TAILING | ||
| 650 | _aCOMMERCIAL LEASES | ||
| 650 | _aLEASE STRUCTURE | ||
| 650 | _aRETAILING | ||
| 650 | _aPERMITTED USE | ||
| 650 | _aRENT REVIEWS | ||
| 650 | _aSERVICE CHARGES | ||
| 650 | _aUSER CLAUSES | ||
| 650 | _aLEASE TERMS | ||
| 690 | _aLANDLORD AND TENANT-LEASES | ||
| 942 | _n0 | ||
| 999 |
_c64414 _d64414 |
||